[Event "2. BUNDESLIGA MITTE"]
[Site "Steyregg, Fuerstenfeld/Sauwald/Villach, St. Veit/Glan, Graz"]
[Date "2016.04.17"]
[Round "11"]
[Board "4"]
[White "Tober, Gerhard"]
[Black "Krockenberger, Martin"]
[Result "1-0"]
[WhiteElo "2239"]
[BlackElo "2228"]
[PlyCount "95"]
[EventDate "2015.10.02"]
[EventType "team"]
[EventRounds "11"]
[EventCountry "AUT"]
[WhiteTeam "ASK Case IH SteyrSt. Valentin"]
[BlackTeam "Schachfreunde Graz"]

1. e4 e6 2. d4 d5 3. Nc3 Bb4 4. exd5 exd5 5. a3 Bxc3+ 6. bxc3 Bf5 7. Bd3 Ne7 8.
Nf3 O-O 9. O-O Nbc6 10. c4 Bxd3 11. Qxd3 dxc4 12. Qxc4 Qd5 13. Qd3 Rfd8 14. c4
Qf5 15. Qc3 Ng6 16. Be3 Rd7 17. Rab1 b6 18. Rb5 Qe4 19. Re1 Na5 20. Ne5 Nxe5
21. Rxe5 Qc6 22. d5 Qd6 23. Bxb6 axb6 24. Re8+ Qf8 25. Rxf8+ Rxf8 26. h4 Nb7
27. h5 h6 28. Re3 Nc5 29. Rg3 f6 30. Re3 Rfd8 31. Qc2 Rf7 32. Qf5 Rfd7 33. Qg6
Rf7 34. Rg3 Rd6 35. Qxh6 Ne4 36. Rg6 Ng5 37. Rxg5 fxg5 38. Qxg5 Rdf6 39. f3 Rf5
40. Qg6 R5f6 41. Qe4 Rf5 42. Kf2 Kf8 43. Qe6 Kg8 44. h6 Kh7 45. hxg7 Kxg7 46.
Qe3 Rf4 47. Qc3+ Kg8 48. g3 1-0

[Event "2. BUNDESLIGA MITTE"]
[Site "Steyregg, Fuerstenfeld/Sauwald/Villach, St. Veit/Glan, Graz"]
[Date "2016.04.17"]
[Round "11"]
[Board "5"]
[White "Kastner, Walter"]
[Black "Dornauer, Joachim"]
[Result "1-0"]
[WhiteElo "2211"]
[BlackElo "2162"]
[PlyCount "107"]
[EventDate "2015.10.02"]
[EventType "team"]
[EventRounds "11"]
[EventCountry "AUT"]
[WhiteTeam "Schachfreunde Graz"]
[BlackTeam "ASK Case IH SteyrSt. Valentin"]

1. e4 c5 2. Nf3 d6 3. Bb5+ Nd7 4. O-O a6 5. Bd3 Ngf6 6. c3 e6 7. Bc2 Be7 8. d4
cxd4 9. cxd4 O-O 10. Nc3 e5 11. h3 b5 12. Ne2 Bb7 13. d5 Rc8 14. Ng3 g6 15. Bh6
Re8 16. Qd2 Bf8 17. Bg5 Bg7 18. Rfc1 Nc5 19. b4 Ncd7 20. a4 Nb6 21. axb5 Nc4
22. Qe2 axb5 23. Bd3 Qb6 24. Nd2 Nxd2 25. Bxd2 Ba6 26. Be3 Qb7 27. Qa2 Rxc1+
28. Rxc1 Rc8 29. Ra1 Ra8 30. Qa5 Qc8 31. Rc1 Qb8 32. Qc7 Qxc7 33. Rxc7 Ne8 34.
Rc6 Bf6 35. Kh2 Bd8 36. Rxa6 Rxa6 37. Bxb5 Ra2 38. Bxe8 Rb2 39. b5 Kf8 40. Bc6
Ba5 41. Nf1 Ke7 42. g4 f6 43. Kg2 Kd8 44. Ng3 Ke7 45. h4 Kf7 46. g5 Ke7 47. h5
Kf7 48. gxf6 Kxf6 49. h6 Kf7 50. Nf1 Ke7 51. Nh2 Kf7 52. Nf3 Bd8 53. Ng5+ Kg8
54. Bd7 1-0

[Event "2. BUNDESLIGA MITTE"]
[Site "Steyregg, Fuerstenfeld/Sauwald/Villach, St. Veit/Glan, Graz"]
[Date "2016.04.17"]
[Round "11"]
[Board "6"]
[White "Gelbenegger, Patrick"]
[Black "Kravanja, Georg"]
[Result "0-1"]
[WhiteElo "2067"]
[BlackElo "2215"]
[PlyCount "86"]
[EventDate "2015.10.02"]
[EventType "team"]
[EventRounds "11"]
[EventCountry "AUT"]
[WhiteTeam "ASK Case IH SteyrSt. Valentin"]
[BlackTeam "Schachfreunde Graz"]

1. e4 g6 2. d4 Bg7 3. Nf3 d6 4. c3 a6 5. Bd3 Nd7 6. O-O e6 7. Re1 Ne7 8. Nbd2
O-O 9. Nf1 e5 10. dxe5 Nxe5 11. Nxe5 dxe5 12. Bc4 h6 13. Qc2 b5 14. Rd1 Qe8 15.
Be2 Be6 16. Be3 Qc6 17. b4 Nc8 18. Bc5 Nd6 19. Ne3 Rfd8 20. Nd5 Bxd5 21. exd5
Qb7 22. a4 f5 23. f3 Kh7 24. Bxd6 Rxd6 25. axb5 axb5 26. Rxa8 Qxa8 27. Qb3 c6
28. c4 bxc4 29. Bxc4 Qa7+ 30. Kh1 e4 31. fxe4 fxe4 32. dxc6 Rxc6 33. Bg8+ Kh8
34. Bd5 Rc3 35. Qb1 Ra3 36. Qxe4 Qd7 37. Qxg6 Qxd5 38. Re1 Ra8 39. h3 Rf8 40.
Qe4 Qd6 41. b5 Qg3 42. b6 Bc3 43. Rd1 Be5 0-1

[Event "2. BUNDESLIGA MITTE"]
[Site "Steyregg, Fuerstenfeld/Sauwald/Villach, St. Veit/Glan, Graz"]
[Date "2016.04.17"]
[Round "11"]
[Board "1"]
[White "Velicka, Petr"]
[Black "Felsberger, Alfred"]
[Result "1-0"]
[WhiteElo "2432"]
[BlackElo "2334"]
[PlyCount "66"]
[EventDate "2015.10.02"]
[EventType "team"]
[EventRounds "11"]
[EventCountry "AUT"]
[WhiteTeam "SV Steyregg"]
[BlackTeam "Union Ansfelden"]

1. Nf3 Nf6 2. c4 c5 3. g3 d5 4. cxd5 Nxd5 5. Bg2 Nc6 6. Nc3 Nc7 7. O-O e5 8. d3
Be7 9. Be3 Bd7 10. a3 O-O 11. Rb1 a5 12. a4 Rb8 13. Nd2 b6 14. Nc4 f6 15. f4
Kh8 16. Nb5 Nxb5 17. axb5 Nd4 18. fxe5 Bxb5 19. exf6 Rxf6 20. Rxf6 gxf6 21. Bf4
Bxc4 22. dxc4 Bd6 23. Bd2 Qe7 24. e3 Ne6 25. Qc2 Rg8 26. Rf1 Ng5 27. b3 Bc7 28.
Bd5 Rf8 29. Qf5 Be5 30. Kg2 Rd8 31. h4 Nf7 32. e4 Rf8 33. Qh5 Bd4 {unleserlich!
} 1-0

[Event "2. BUNDESLIGA MITTE"]
[Site "Steyregg, Fuerstenfeld/Sauwald/Villach, St. Veit/Glan, Graz"]
[Date "2016.04.17"]
[Round "11"]
[Board "2"]
[White "Weiss, Christian"]
[Black "Enoeckl, Philipp"]
[Result "1-0"]
[WhiteElo "2353"]
[BlackElo "2362"]
[PlyCount "81"]
[EventDate "2015.10.02"]
[EventType "team"]
[EventRounds "11"]
[EventCountry "AUT"]
[WhiteTeam "Union Ansfelden"]
[BlackTeam "SV Steyregg"]

1. c4 g6 2. Nc3 Bg7 3. g3 Nf6 4. Bg2 O-O 5. e4 d6 6. Nge2 c5 7. O-O Nc6 8. d3
Bg4 9. f3 Bd7 10. Be3 Ne8 11. Qd2 Nd4 12. Bh6 Nxe2+ 13. Nxe2 b5 14. Rf2 Rb8 15.
Bxg7 Kxg7 16. f4 bxc4 17. dxc4 Qb6 18. Nc3 Bc6 19. Re1 Qb4 20. Qe3 Qb7 21. g4
e5 22. f5 Qe7 23. Ref1 f6 24. h4 g5 25. Bf3 h6 26. Rh2 Rh8 27. Rff2 Nc7 28. Rh3
Rh7 29. Rfh2 Rbh8 30. Bd1 Na6 31. a3 Nb8 32. b4 cxb4 33. axb4 Ba8 34. Ra2 Nc6
35. Nd5 Qb7 36. Qa3 Rc8 37. b5 Ne7 38. Qxd6 Nxd5 39. exd5 gxh4 40. Rha3 a5 41.
Rxa5 1-0

[Event "2. BUNDESLIGA MITTE"]
[Site "Steyregg, Fuerstenfeld/Sauwald/Villach, St. Veit/Glan, Graz"]
[Date "2016.04.17"]
[Round "11"]
[Board "3"]
[White "Kirschner, Alexander"]
[Black "Moser, Guenter"]
[Result "0-1"]
[WhiteElo "2186"]
[BlackElo "2313"]
[PlyCount "94"]
[EventDate "2015.10.02"]
[EventType "team"]
[EventRounds "11"]
[EventCountry "AUT"]
[WhiteTeam "SV Steyregg"]
[BlackTeam "Union Ansfelden"]

1. c4 f5 2. g3 Nf6 3. Nc3 d6 4. Bg2 g6 5. d3 Bg7 6. e4 c6 7. Nge2 Na6 8. O-O
O-O 9. exf5 Bxf5 10. h3 e5 11. d4 h5 12. b3 Qa5 13. Be3 Nb4 14. Qd2 Nc2 15.
Rad1 Nxe3 16. Qxe3 Rae8 17. d5 c5 18. Nb5 Rd8 19. Qc3 Qxc3 20. Nexc3 a6 21. Nc7
Rb8 22. Ne6 Rfe8 23. Nxg7 Kxg7 24. Rfe1 b5 25. cxb5 axb5 26. Bf1 b4 27. Na4 Nd7
28. Rd2 Nb6 29. Nxb6 Rxb6 30. Kg2 Kf6 31. Kf3 Rb7 32. g4 hxg4+ 33. hxg4 Bd7 34.
Bd3 Kg5 35. Kg3 Bxg4 36. Bxg6 Rg8 37. Be4 Rbg7 38. f3 Bh3 39. Kf2 Kf4 40. Rh1
Rg2+ 41. Ke1 Rg1+ 42. Rxg1 Rxg1+ 43. Kf2 Rh1 44. Ke2 Bf1+ 45. Kf2 Rh2+ 46. Ke1
Rxd2 47. Kxd2 Ba6 0-1

[Event "2. BUNDESLIGA MITTE"]
[Site "Steyregg, Fuerstenfeld/Sauwald/Villach, St. Veit/Glan, Graz"]
[Date "2016.04.17"]
[Round "11"]
[Board "4"]
[White "Knoll, Hermann"]
[Black "Richterova, Natasa"]
[Result "1-0"]
[WhiteElo "2331"]
[BlackElo "2187"]
[PlyCount "83"]
[EventDate "2015.10.02"]
[EventType "team"]
[EventRounds "11"]
[EventCountry "AUT"]
[WhiteTeam "Union Ansfelden"]
[BlackTeam "SV Steyregg"]

1. Nf3 d5 2. d4 Bg4 3. Ne5 Bf5 4. Bf4 Nd7 5. e3 Nxe5 6. Bxe5 e6 7. c4 f6 8. Bg3
Bxb1 9. Qxb1 Bb4+ 10. Kd1 Ne7 11. c5 c6 12. Bd3 Ba5 13. b4 Bc7 14. a4 e5 15.
Qb2 e4 16. Be2 Bxg3 17. hxg3 O-O 18. Kd2 f5 19. b5 Rb8 20. Qc3 Rf6 21. Rhb1 g5
22. Ra2 Ng6 23. Rab2 cxb5 24. Rxb5 b6 25. a5 f4 26. cxb6 axb6 27. Rxd5 fxe3+
28. fxe3 Rd6 29. Rxd6 Qxd6 30. a6 Ne7 31. Qb4 Qxb4+ 32. Rxb4 Kg7 33. Rb5 h6 34.
Re5 Kf6 35. Bc4 Nf5 36. Re6+ Kg7 37. Bd5 Nxg3 38. a7 Rc8 39. Rc6 Rd8 40. Rc7+
Kg6 41. a8=Q Rxa8 42. Bxa8 1-0

[Event "2. BUNDESLIGA MITTE"]
[Site "Steyregg, Fuerstenfeld/Sauwald/Villach, St. Veit/Glan, Graz"]
[Date "2016.04.17"]
[Round "11"]
[Board "5"]
[White "Wiesinger, Robert"]
[Black "Ennsberger, Ulrich"]
[Result "1-0"]
[WhiteElo "2176"]
[BlackElo "2314"]
[PlyCount "55"]
[EventDate "2015.10.02"]
[EventType "team"]
[EventRounds "11"]
[EventCountry "AUT"]
[WhiteTeam "SV Steyregg"]
[BlackTeam "Union Ansfelden"]

1. e4 c5 2. Nf3 Nc6 3. Bb5 Nf6 4. d3 Qa5+ 5. Nc3 Nd4 6. Bc4 b5 7. e5 bxc4 8.
exf6 cxd3 9. Qxd3 Ba6 10. Qe4 d5 11. Qg4 Nxf3+ 12. Qxf3 e6 13. Bd2 Qd8 14. Bg5
Qc7 15. O-O-O O-O-O 16. fxg7 Bxg7 17. Bxd8 Rxd8 18. Rhe1 Bh8 19. Nxd5 exd5 20.
Rxd5 Rxd5 21. Qxd5 Qf4+ 22. Kb1 Qd4 23. Qa8+ Kc7 24. c3 Qd2 25. Qxa7+ Bb7 26.
Qxc5+ Kd8 27. Qb6+ Kc8 28. Re8+ 1-0

[Event "2. BUNDESLIGA MITTE"]
[Site "Steyregg, Fuerstenfeld/Sauwald/Villach, St. Veit/Glan, Graz"]
[Date "2016.04.17"]
[Round "11"]
[Board "6"]
[White "Mostbauer, Florian"]
[Black "Pierecker, Markus"]
[Result "1/2-1/2"]
[WhiteElo "2238"]
[BlackElo "2179"]
[PlyCount "72"]
[EventDate "2015.10.02"]
[EventType "team"]
[EventRounds "11"]
[EventCountry "AUT"]
[WhiteTeam "Union Ansfelden"]
[BlackTeam "SV Steyregg"]

1. c4 g6 2. g3 Bg7 3. Bg2 Nf6 4. Nc3 O-O 5. e3 e6 6. d4 d5 7. Nge2 c6 8. b3 b6
9. O-O Bb7 10. Bb2 Nbd7 11. Rc1 Rc8 12. Rc2 Qe7 13. Qc1 Rfd8 14. Rd1 Ba6 15.
Na4 dxc4 16. Ba3 c5 17. bxc4 Qe8 18. dxc5 Nxc5 19. Rxd8 Qxd8 20. Nxc5 bxc5 21.
Nc3 Bxc4 22. Ne4 Bd3 23. Nxf6+ Bxf6 24. Rxc5 Rb8 25. Bf1 Bxf1 26. Kxf1 Be7 27.
Rc3 Bxa3 28. Rxa3 Rc8 29. Rc3 Rxc3 30. Qxc3 Qd1+ 31. Qe1 Qd5 32. Qb4 Qxa2 33.
Qb8+ Kg7 34. Qe5+ Kg8 35. Qb8+ Kg7 36. Qe5+ Kg8 1/2-1/2

[Event "2. BUNDESLIGA MITTE"]
[Site "Steyregg, Fuerstenfeld/Sauwald/Villach, St. Veit/Glan, Graz"]
[Date "2016.04.17"]
[Round "11"]
[Board "1"]
[White "Genser, Harald"]
[Black "Burlacu, Bogdan"]
[Result "1/2-1/2"]
[WhiteElo "2318"]
[BlackElo "2291"]
[PlyCount "60"]
[EventDate "2015.10.02"]
[EventType "team"]
[EventRounds "11"]
[EventCountry "AUT"]
[WhiteTeam "ESV Admira Villach"]
[BlackTeam "Union Hartkirchen"]

1. d4 Nf6 2. c4 g6 3. Nc3 Bg7 4. e4 d6 5. Nf3 O-O 6. Be2 Nbd7 7. O-O e5 8. Be3
c6 9. d5 c5 10. Ne1 Kh8 11. Nd3 Ng8 12. Qd2 f5 13. exf5 gxf5 14. f4 e4 15. Nf2
Ndf6 16. Kh1 Qe7 17. Rae1 Bd7 18. Rg1 h5 19. g3 Ng4 20. Nxg4 hxg4 21. h3 gxh3
22. g4 fxg4 23. Bxg4 Nf6 24. Bxh3 Bxh3 25. Qh2 Qd7 26. Rg3 Kg8 27. Qxh3 Qxh3+
28. Rxh3 a6 29. a4 Kf7 30. Bf2 Rh8 1/2-1/2

[Event "2. BUNDESLIGA MITTE"]
[Site "Steyregg, Fuerstenfeld/Sauwald/Villach, St. Veit/Glan, Graz"]
[Date "2016.04.17"]
[Round "11"]
[Board "2"]
[White "Jurek, Josef"]
[Black "Riemelmoser, Franz"]
[Result "1-0"]
[WhiteElo "2289"]
[BlackElo "2331"]
[PlyCount "61"]
[EventDate "2015.10.02"]
[EventType "team"]
[EventRounds "11"]
[EventCountry "AUT"]
[WhiteTeam "Union Hartkirchen"]
[BlackTeam "ESV Admira Villach"]

1. c4 c5 2. Nf3 Nc6 3. Nc3 g6 4. e3 d6 5. d4 Bg4 6. Be2 cxd4 7. exd4 Bg7 8. d5
Bxf3 9. Bxf3 Bxc3+ 10. bxc3 Ne5 11. Be2 Kf8 12. O-O Kg7 13. Be3 Qc7 14. f4 Nd7
15. Bd4+ f6 16. Bd3 Nb6 17. Qe2 Nh6 18. Rfe1 Rhe8 19. g4 Ng8 20. h4 Nd7 21.
Rab1 Nc5 22. f5 Nxd3 23. Qxd3 gxf5 24. Qxf5 Rf8 25. Rb2 Rf7 26. g5 Kf8 27. Rg2
Rg7 28. h5 Re8 29. Kh1 Qxc4 30. gxf6 Nxf6 31. Rxg7 1-0

[Event "2. BUNDESLIGA MITTE"]
[Site "Steyregg, Fuerstenfeld/Sauwald/Villach, St. Veit/Glan, Graz"]
[Date "2016.04.17"]
[Round "11"]
[Board "3"]
[White "Hafner, Robert"]
[Black "Kleibel, Uwe"]
[Result "1-0"]
[WhiteElo "2004"]
[BlackElo "2212"]
[PlyCount "75"]
[EventDate "2015.10.02"]
[EventType "team"]
[EventRounds "11"]
[EventCountry "AUT"]
[WhiteTeam "ESV Admira Villach"]
[BlackTeam "Union Hartkirchen"]

1. d4 Nf6 2. c4 e6 3. Nc3 Bb4 4. Bd2 b6 5. e3 Bb7 6. Nf3 O-O 7. Be2 d5 8. O-O
Nbd7 9. Nxd5 Nxd5 10. cxd5 Bxd2 11. dxe6 Bb4 12. exd7 Qxd7 13. Ne5 Qe7 14. Bf3
Bxf3 15. Qxf3 Bd6 16. Nc6 Qe6 17. Rfc1 a5 18. Rc2 f5 19. a3 g5 20. Rac1 g4 21.
Qe2 Qh6 22. g3 Rae8 23. b4 axb4 24. axb4 Qh5 25. Qc4+ Kh8 26. Qd5 Rf6 27. Qg2
Qf7 28. Qf1 Rh6 29. b5 Rh3 30. Ne5 Qh5 31. Qg2 Re6 32. Rxc7 Bxc7 33. Rxc7 Re8
34. Nf7+ Kg8 35. Qd5 Kf8 36. Qd6+ Kg8 37. Qd5 Kf8 38. Ng5 1-0

[Event "2. BUNDESLIGA MITTE"]
[Site "Steyregg, Fuerstenfeld/Sauwald/Villach, St. Veit/Glan, Graz"]
[Date "2016.04.17"]
[Round "11"]
[Board "4"]
[White "Windhager, Hannes"]
[Black "Kainz, Josef"]
[Result "1-0"]
[WhiteElo "2176"]
[BlackElo "1905"]
[PlyCount "74"]
[EventDate "2015.10.02"]
[EventType "team"]
[EventRounds "11"]
[EventCountry "AUT"]
[WhiteTeam "Union Hartkirchen"]
[BlackTeam "ESV Admira Villach"]

1. e4 c5 2. Nf3 Nc6 3. d4 cxd4 4. Nxd4 e5 5. Nb5 d6 6. c4 Be7 7. N1c3 a6 8. Na3
f5 9. exf5 Bxf5 10. Bd3 Be6 11. O-O Nf6 12. Nc2 O-O 13. b3 Rb8 14. Bb2 Qd7 15.
Ne3 Nd4 16. Ncd5 b5 17. Re1 Rf7 18. Nxe7+ Rxe7 19. cxb5 axb5 20. Bxd4 exd4 21.
Nc2 Ng4 22. Nxd4 Ne5 23. Nxe6 Nxd3 24. Qxd3 Rbe8 25. Qd5 Rxe6 26. Rxe6 Qxe6 27.
Qxb5 h5 28. h3 Rf8 29. Rd1 Qf6 30. Qd5+ Rf7 31. Qd4 Qf5 32. b4 Kh8 33. Qd2 Rf6
34. f3 Rg6 35. Kh1 Qd7 36. Qd5 h4 37. Rd4 Qe7 1-0

[Event "2. BUNDESLIGA MITTE"]
[Site "Steyregg, Fuerstenfeld/Sauwald/Villach, St. Veit/Glan, Graz"]
[Date "2016.04.17"]
[Round "11"]
[Board "5"]
[White "Bartl, Ulf"]
[Black "Konrad, Edmund"]
[Result "0-1"]
[WhiteElo "1954"]
[BlackElo "2193"]
[PlyCount "62"]
[EventDate "2015.10.02"]
[EventType "team"]
[EventRounds "11"]
[EventCountry "AUT"]
[WhiteTeam "ESV Admira Villach"]
[BlackTeam "Union Hartkirchen"]

1. c4 e5 2. Nc3 Nf6 3. g3 Nc6 4. Bg2 Bb4 5. e3 O-O 6. Nge2 Re8 7. Nd5 a5 8. a3
Bf8 9. Nec3 d6 10. h3 Nxd5 11. cxd5 Ne7 12. d3 c6 13. O-O cxd5 14. Nxd5 Nxd5
15. Bxd5 Bxh3 16. Bxb7 Rb8 17. Bg2 Be6 18. Bc6 Re7 19. a4 d5 20. Bb5 Bd7 21.
Bxd7 Rxd7 22. d4 e4 23. Kg2 Rdb7 24. Rh1 Rb6 25. Bd2 Rxb2 26. Rxh7 Kxh7 27.
Qh5+ Kg8 28. Rh1 f6 29. Qf5 Kf7 30. Bxa5 Qxa5 31. Qd7+ Be7 0-1

[Event "2. BUNDESLIGA MITTE"]
[Site "Steyregg, Fuerstenfeld/Sauwald/Villach, St. Veit/Glan, Graz"]
[Date "2016.04.17"]
[Round "11"]
[Board "6"]
[White "Mayerhofer, Peter"]
[Black "Bresch, Manfred"]
[Result "1/2-1/2"]
[WhiteElo "2183"]
[BlackElo "1995"]
[PlyCount "220"]
[EventDate "2015.10.02"]
[EventType "team"]
[EventRounds "11"]
[EventCountry "AUT"]
[WhiteTeam "Union Hartkirchen"]
[BlackTeam "ESV Admira Villach"]

1. e4 c5 2. d4 cxd4 3. c3 d3 4. Bxd3 d6 5. c4 Nc6 6. Nc3 Nf6 7. Nge2 g6 8. f3
Bg7 9. Be3 Bd7 10. Rc1 Ne5 11. O-O Nxd3 12. Qxd3 O-O 13. Rfd1 Qa5 14. Nd4 a6
15. Nb3 Qh5 16. Ne2 Bh6 17. c5 Bb5 18. Qd2 Nxe4 19. fxe4 Bxe3+ 20. Qxe3 Qxe2
21. Qxe2 Bxe2 22. Rd2 Bg4 23. cxd6 exd6 24. Rc7 Rab8 25. Rxd6 Rfc8 26. Rxc8+
Rxc8 27. Rb6 Rc7 28. Na5 Bc8 29. Kf2 Kf8 30. Kf3 h5 31. h4 Ke8 32. g3 Kd8 33.
Ke3 Re7 34. Kf4 Kc7 35. Rb4 b5 36. Rd4 Be6 37. a3 Rd7 38. Rxd7+ Kxd7 39. Nb7
Kc6 40. Nd8+ Kd7 41. Nb7 Kc6 42. Na5+ Kb6 43. b4 Kc7 44. Ke5 Ba2 45. Kd4 Be6
46. Kc5 Ba2 47. Nc6 Be6 48. Ne5 Ba2 49. Kd4 Kd6 50. Nd3 Be6 51. Nc5 Bc8 52. e5+
Kc6 53. Ke4 a5 54. e6 fxe6 55. Ke5 axb4 56. axb4 Bd7 57. Nxe6 Be8 58. Nd4+ Kc7
59. Kd5 Kb6 60. Ke6 Kc7 61. Ke5 Bd7 62. Kd5 Kb6 63. Kd6 Bc8 64. Ne6 Bb7 65. Nc7
Be4 66. Nd5+ Kb7 67. Kc5 Kc8 68. Nc3 Bd3 69. Nxb5 Kd7 70. Nd4 Ke7 71. b5 Kf6
72. b6 Ba6 73. Nb3 Bb7 74. Kd4 Kf5 75. Ke3 Kg4 76. Nc5 Bc6 77. Kf2 g5 78. Nd7
Kf5 79. hxg5 Kxg5 80. Ne5 Bb7 81. Nf3+ Kg4 82. Nh4 Bc6 83. Ng6 Bb7 84. Ne5+ Kf5
85. Nc4 Kg5 86. Nd6 Ba8 87. Nf7+ Kf6 88. Nd8 Kg5 89. Ne6+ Kg4 90. Nc7 Bh1 91.
Nb5 h4 92. gxh4 Kxh4 93. Ke3 Kg5 94. Nd6 Ba8 95. Kd4 Kf6 96. Kc5 Ke6 97. Nb5
Kd7 98. Nc7 Bb7 99. Nd5 Ba8 100. Ne3 Kc8 101. Nc4 Kb8 102. Kd6 Bb7 103. Kd7
Bc8+ 104. Kd8 Ba6 105. Na5 Bb5 106. Ke7 Kc8 107. Kd6 Bf1 108. Kc5 Bg2 109. b7+
Bxb7 110. Nxb7 Kxb7 1/2-1/2

[Event "2. BUNDESLIGA MITTE"]
[Site "Steyregg, Fuerstenfeld/Sauwald/Villach, St. Veit/Glan, Graz"]
[Date "2016.04.17"]
[Round "11"]
[Board "1"]
[White "Freitag, Manfred"]
[Black "Schachinger, Mario"]
[Result "1/2-1/2"]
[WhiteElo "2378"]
[BlackElo "2434"]
[PlyCount "63"]
[EventDate "2015.10.02"]
[EventType "team"]
[EventRounds "11"]
[EventCountry "AUT"]
[WhiteTeam "ESV Austria Graz"]
[BlackTeam "SC MPOE Maria Saal 2"]

1. d4 Nf6 2. c4 e6 3. Nf3 d5 4. Nc3 Be7 5. Bf4 O-O 6. e3 c5 7. dxc5 Nc6 8. a3
a5 9. Rc1 Bxc5 10. cxd5 exd5 11. Nb5 b6 12. Be2 Ba6 13. O-O Qe7 14. Re1 Rfd8
15. Qa4 Rac8 16. Nd6 Bxd6 17. Bxa6 b5 18. Bxb5 Ne5 19. Nd4 g6 20. Qd1 Ne4 21.
Qe2 Qf6 22. Rxc8 Rxc8 23. Rd1 g5 24. Bxe5 Bxe5 25. f3 Bxh2+ 26. Kxh2 Qh6+ 27.
Kg1 Ng3 28. Qe1 Qh1+ 29. Kf2 Qh4 30. Kg1 Qh1+ 31. Kf2 Qh4 32. Kg1 1/2-1/2

[Event "2. BUNDESLIGA MITTE"]
[Site "Steyregg, Fuerstenfeld/Sauwald/Villach, St. Veit/Glan, Graz"]
[Date "2016.04.17"]
[Round "11"]
[Board "2"]
[White "Handler, Lukas"]
[Black "Karner, Christoph"]
[Result "1/2-1/2"]
[WhiteElo "2390"]
[BlackElo "2308"]
[PlyCount "60"]
[EventDate "2015.10.02"]
[EventType "team"]
[EventRounds "11"]
[EventCountry "AUT"]
[WhiteTeam "SC MPOE Maria Saal 2"]
[BlackTeam "ESV Austria Graz"]

1. Nf3 Nf6 2. g3 g6 3. Bg2 Bg7 4. d4 O-O 5. b3 c5 6. Bb2 Ne4 7. O-O d5 8. c3
Nc6 9. Nbd2 Bf5 10. e3 Qa5 11. Nxe4 Bxe4 12. Re1 Rfd8 13. Qe2 Rac8 14. Bh3 Bxf3
15. Qxf3 e6 16. Qe2 b5 17. a3 Qb6 18. b4 cxb4 19. cxb4 a5 20. Bf1 axb4 21. Qxb5
Qxb5 22. Bxb5 bxa3 23. Bxa3 Bf8 24. Bxf8 Kxf8 25. Bxc6 Rxc6 26. Rac1 Rxc1 27.
Rxc1 Rd7 28. Ra1 Rb7 29. h4 h5 30. Kg2 Kg7 1/2-1/2

[Event "2. BUNDESLIGA MITTE"]
[Site "Steyregg, Fuerstenfeld/Sauwald/Villach, St. Veit/Glan, Graz"]
[Date "2016.04.17"]
[Round "11"]
[Board "4"]
[White "Halvax, Georg"]
[Black "Fahrner, Kurt"]
[Result "1-0"]
[WhiteElo "2337"]
[BlackElo "2294"]
[PlyCount "85"]
[EventDate "2015.10.02"]
[EventType "team"]
[EventRounds "11"]
[EventCountry "AUT"]
[WhiteTeam "SC MPOE Maria Saal 2"]
[BlackTeam "ESV Austria Graz"]

1. e4 g6 2. Nc3 Bg7 3. f4 c5 4. Nf3 Nc6 5. Bb5 Nd4 6. Nxd4 cxd4 7. Ne2 Nf6 8.
Bd3 O-O 9. c3 dxc3 10. dxc3 Qb6 11. Nd4 d6 12. Qb3 Qxb3 13. axb3 b6 14. e5 dxe5
15. fxe5 Ng4 16. Be4 Rb8 17. Rxa7 Nxe5 18. Bf4 Bf5 19. Bxf5 gxf5 20. Bxe5 Bxe5
21. Nc6 Ra8 22. Nxe7+ Kh8 23. Rxa8 Rxa8 24. O-O Ra2 25. Rb1 f4 26. Nd5 Bd6 27.
b4 b5 28. Kf2 Ra8 29. Kf3 Rg8 30. Rd1 Rg5 31. Rd4 Be5 32. Re4 f6 33. Nxf4 Kg8
34. g3 Kf7 35. Re2 Ke7 36. Rd2 Rf5 37. h4 Bxf4 38. gxf4 Rh5 39. Kg4 Rh6 40. f5
Ke8 41. c4 bxc4 42. b5 c3 43. bxc3 1-0

[Event "2. BUNDESLIGA MITTE"]
[Site "Steyregg, Fuerstenfeld/Sauwald/Villach, St. Veit/Glan, Graz"]
[Date "2016.04.17"]
[Round "11"]
[Board "5"]
[White "Spindelboeck, Gernot"]
[Black "Rieger, Robert"]
[Result "1/2-1/2"]
[WhiteElo "2262"]
[BlackElo "2297"]
[PlyCount "82"]
[EventDate "2015.10.02"]
[EventType "team"]
[EventRounds "11"]
[EventCountry "AUT"]
[WhiteTeam "ESV Austria Graz"]
[BlackTeam "SC MPOE Maria Saal 2"]

1. d4 d5 2. c4 c6 3. Nf3 Nf6 4. Nc3 dxc4 5. a4 Bf5 6. e3 e6 7. Bxc4 Bb4 8. O-O
Nbd7 9. Qe2 O-O 10. e4 Bg6 11. Bd3 c5 12. e5 cxd4 13. exf6 dxc3 14. fxg7 Re8
15. Rd1 Qc7 16. Bxg6 hxg6 17. Qb5 Bd6 18. bxc3 Nc5 19. Be3 Ne4 20. Rac1 Red8
21. c4 Nc3 22. Rxc3 Bxh2+ 23. Nxh2 Rxd1+ 24. Nf1 Rad8 25. Bg5 Qd6 26. c5 Qe5
27. Bxd8 Qxc3 28. Be7 Kxg7 29. Qe2 Rd5 30. g3 Qa1 31. Kg2 Qxa4 32. Ne3 Qe4+ 33.
f3 Qd3 34. Qxd3 Rxd3 35. Nc4 Rc3 36. Nd6 Rc2+ 37. Kh3 b6 38. cxb6 axb6 39. Kg4
f6 40. Kf4 Re2 41. g4 e5+ 1/2-1/2

[Event "2. BUNDESLIGA MITTE"]
[Site "Steyregg, Fuerstenfeld/Sauwald/Villach, St. Veit/Glan, Graz"]
[Date "2016.04.17"]
[Round "11"]
[Board "6"]
[White "Ertl, Johann"]
[Black "Aschenbrenner, Robert"]
[Result "1/2-1/2"]
[WhiteElo "2303"]
[BlackElo "2212"]
[PlyCount "61"]
[EventDate "2015.10.02"]
[EventType "team"]
[EventRounds "11"]
[EventCountry "AUT"]
[WhiteTeam "SC MPOE Maria Saal 2"]
[BlackTeam "ESV Austria Graz"]

1. e4 c5 2. Nf3 d6 3. d4 cxd4 4. Nxd4 Nf6 5. Nc3 g6 6. Be3 a6 7. Be2 Bg7 8. a4
Nc6 9. O-O O-O 10. Qd2 Bg4 11. Rad1 Bxe2 12. Qxe2 Qa5 13. Rfe1 Rfe8 14. Nb3 Qc7
15. Nd5 Nxd5 16. exd5 Ne5 17. c3 Nc4 18. Bd4 e5 19. dxe6 Rxe6 20. Qc2 Rae8 21.
Rxe6 fxe6 22. Bxg7 Qxg7 23. Nd2 Nxd2 24. Qxd2 d5 25. Qd4 Qxd4 26. Rxd4 Kf7 27.
f4 Rc8 28. Kf2 b6 29. Ke3 h5 30. g3 Ke7 31. h3 1/2-1/2

[Event "2. BUNDESLIGA MITTE"]
[Site "Steyregg, Fuerstenfeld/Sauwald/Villach, St. Veit/Glan, Graz"]
[Date "2016.04.17"]
[Round "11"]
[Board "1"]
[White "Kuba, Guenter"]
[Black "Kozul, Zdenko"]
[Result "0-1"]
[WhiteElo "2361"]
[BlackElo "2600"]
[PlyCount "64"]
[EventDate "2015.10.02"]
[EventType "team"]
[EventRounds "11"]
[EventCountry "AUT"]
[WhiteTeam "SPG. Sparkasse Fuerstenfeld/Hartberg"]
[BlackTeam "SV Wolfsberg"]

1. e4 c5 2. Nf3 e6 3. g3 d6 4. Bg2 Nf6 5. Qe2 Be7 6. O-O O-O 7. c3 b6 8. d3 Nc6
9. Nbd2 Ba6 10. h3 Qc7 11. b3 Nd7 12. Bb2 Bf6 13. Rab1 d5 14. Rfd1 Rad8 15. Ne1
dxe4 16. Nxe4 Be7 17. Nc2 Rfe8 18. c4 e5 19. Ne3 Bb7 20. Nd5 Qb8 21. Qh5 Nd4
22. Bxd4 exd4 23. Re1 Bxd5 24. cxd5 g6 25. Qh6 Bf8 26. Qh4 Kg7 27. Nd2 Nf6 28.
Nc4 h6 29. g4 Bd6 30. Nxd6 Qxd6 31. g5 hxg5 32. Qxg5 Nh5 0-1